<?xml version="1.0" encoding="UTF-8"?>
<marc:record xmlns:marc="http://www.loc.gov/MARC21/slim" type="Bibliographic">
   <marc:leader>00000nam a2200000 c 4500</marc:leader>
   <marc:controlfield tag="001">941522342</marc:controlfield>
   <marc:controlfield tag="003">DE-101</marc:controlfield>
   <marc:controlfield tag="005">20171202201421.0</marc:controlfield>
   <marc:controlfield tag="007">tu</marc:controlfield>
   <marc:controlfield tag="008">940629s1992    au ||||| m||| 00||||ger  </marc:controlfield>
   <marc:datafield ind1=" " ind2=" " tag="015">
      <marc:subfield code="a">94,A32,0502</marc:subfield>
      <marc:subfield code="2">dnb</marc:subfield>
   </marc:datafield>
   <marc:datafield ind1="7" ind2=" " tag="016">
      <marc:subfield code="2">DE-101</marc:subfield>
      <marc:subfield code="a">941522342</marc:subfield>
   </marc:datafield>
   <marc:datafield ind1=" " ind2=" " tag="020">
      <marc:subfield code="a">9783901100192</marc:subfield>
      <marc:subfield code="c">kart. : S 240.00</marc:subfield>
      <marc:subfield code="9">978-3-901100-19-2</marc:subfield>
   </marc:datafield>
   <marc:datafield ind1=" " ind2=" " tag="020">
      <marc:subfield code="a">3901100199</marc:subfield>
      <marc:subfield code="c">kart. : S 240.00</marc:subfield>
      <marc:subfield code="9">3-901100-19-9</marc:subfield>
   </marc:datafield>
   <marc:datafield ind1=" " ind2=" " tag="035">
      <marc:subfield code="a">(DE-599)DNB941522342</marc:subfield>
   </marc:datafield>
   <marc:datafield ind1=" " ind2=" " tag="035">
      <marc:subfield code="a">(OCoLC)243793065</marc:subfield>
   </marc:datafield>
   <marc:datafield ind1=" " ind2=" " tag="040">
      <marc:subfield code="a">1140</marc:subfield>
      <marc:subfield code="b">ger</marc:subfield>
      <marc:subfield code="c">DE-101</marc:subfield>
      <marc:subfield code="d">9999</marc:subfield>
   </marc:datafield>
   <marc:datafield ind1=" " ind2=" " tag="041">
      <marc:subfield code="a">ger</marc:subfield>
   </marc:datafield>
   <marc:datafield ind1=" " ind2=" " tag="044">
      <marc:subfield code="c">XA-AT</marc:subfield>
   </marc:datafield>
   <marc:datafield ind1=" " ind2=" " tag="084">
      <marc:subfield code="a">16</marc:subfield>
      <marc:subfield code="a">10</marc:subfield>
      <marc:subfield code="a">14</marc:subfield>
      <marc:subfield code="a">09</marc:subfield>
      <marc:subfield code="a">320</marc:subfield>
      <marc:subfield code="q">DE-101</marc:subfield>
      <marc:subfield code="2">sdnb</marc:subfield>
   </marc:datafield>
   <marc:datafield ind1=" " ind2=" " tag="084">
      <marc:subfield code="a">4.7p</marc:subfield>
      <marc:subfield code="a">3.1</marc:subfield>
      <marc:subfield code="a">5.7</marc:subfield>
      <marc:subfield code="a">4.7p</marc:subfield>
      <marc:subfield code="a">9.5p</marc:subfield>
      <marc:subfield code="a">8.1</marc:subfield>
      <marc:subfield code="q">DE-101</marc:subfield>
      <marc:subfield code="2">sswd</marc:subfield>
   </marc:datafield>
   <marc:datafield ind1="1" ind2=" " tag="100">
      <marc:subfield code="0">(DE-588)114203946</marc:subfield>
      <marc:subfield code="0">http://d-nb.info/gnd/114203946</marc:subfield>
      <marc:subfield code="0">(DE-101)114203946</marc:subfield>
      <marc:subfield code="a">Wölflingseder, Maria</marc:subfield>
      <marc:subfield code="e">Verfasser</marc:subfield>
      <marc:subfield code="4">aut</marc:subfield>
   </marc:datafield>
   <marc:datafield ind1="1" ind2="0" tag="245">
      <marc:subfield code="a">Gesellschaftliche Veränderung</marc:subfield>
      <marc:subfield code="b">von oben - von unten ; eine Studie über gesellschaftliche Veränderung aus der Sicht Paulo Freires und Fritjof Capras unter besonderer Berücksichtigung gegenwärtiger New Age-Strömungen</marc:subfield>
      <marc:subfield code="c">Maria Wölflingseder</marc:subfield>
   </marc:datafield>
   <marc:datafield ind1=" " ind2="1" tag="264">
      <marc:subfield code="a">Linz</marc:subfield>
      <marc:subfield code="b">Ed. Sandkorn</marc:subfield>
      <marc:subfield code="c">[1992]</marc:subfield>
   </marc:datafield>
   <marc:datafield ind1=" " ind2=" " tag="300">
      <marc:subfield code="a">235 S.</marc:subfield>
      <marc:subfield code="b">Ill., graph. Darst.</marc:subfield>
      <marc:subfield code="c">21 cm</marc:subfield>
   </marc:datafield>
   <marc:datafield ind1=" " ind2=" " tag="336">
      <marc:subfield code="a">Text</marc:subfield>
      <marc:subfield code="b">txt</marc:subfield>
      <marc:subfield code="2">rdacontent</marc:subfield>
   </marc:datafield>
   <marc:datafield ind1=" " ind2=" " tag="337">
      <marc:subfield code="a">ohne Hilfsmittel zu benutzen</marc:subfield>
      <marc:subfield code="b">n</marc:subfield>
      <marc:subfield code="2">rdamedia</marc:subfield>
   </marc:datafield>
   <marc:datafield ind1=" " ind2=" " tag="338">
      <marc:subfield code="a">Band</marc:subfield>
      <marc:subfield code="b">nc</marc:subfield>
      <marc:subfield code="2">rdacarrier</marc:subfield>
   </marc:datafield>
   <marc:datafield ind1=" " ind2=" " tag="502">
      <marc:subfield code="a">Zugl.: Wien, Univ., Diss., 1991</marc:subfield>
   </marc:datafield>
   <marc:datafield ind1="1" ind2="7" tag="600">
      <marc:subfield code="0">(DE-588)118826468</marc:subfield>
      <marc:subfield code="0">http://d-nb.info/gnd/118826468</marc:subfield>
      <marc:subfield code="0">(DE-101)118826468</marc:subfield>
      <marc:subfield code="a">Capra, Fritjof</marc:subfield>
      <marc:subfield code="d">1939-</marc:subfield>
      <marc:subfield code="2">gnd</marc:subfield>
   </marc:datafield>
   <marc:datafield ind1="1" ind2="7" tag="600">
      <marc:subfield code="0">(DE-588)118826468</marc:subfield>
      <marc:subfield code="0">http://d-nb.info/gnd/118826468</marc:subfield>
      <marc:subfield code="0">(DE-101)118826468</marc:subfield>
      <marc:subfield code="a">Capra, Fritjof</marc:subfield>
      <marc:subfield code="d">1939-</marc:subfield>
      <marc:subfield code="2">gnd</marc:subfield>
   </marc:datafield>
   <marc:datafield ind1="1" ind2="7" tag="600">
      <marc:subfield code="0">(DE-588)118535242</marc:subfield>
      <marc:subfield code="0">http://d-nb.info/gnd/118535242</marc:subfield>
      <marc:subfield code="0">(DE-101)118535242</marc:subfield>
      <marc:subfield code="a">Freire, Paulo</marc:subfield>
      <marc:subfield code="d">1921-1997</marc:subfield>
      <marc:subfield code="2">gnd</marc:subfield>
   </marc:datafield>
   <marc:datafield ind1=" " ind2="7" tag="650">
      <marc:subfield code="0">(DE-588)4049716-1</marc:subfield>
      <marc:subfield code="0">http://d-nb.info/gnd/4049716-1</marc:subfield>
      <marc:subfield code="0">(DE-101)04049716X</marc:subfield>
      <marc:subfield code="a">Rezeption</marc:subfield>
      <marc:subfield code="2">gnd</marc:subfield>
   </marc:datafield>
   <marc:datafield ind1=" " ind2="7" tag="650">
      <marc:subfield code="0">(DE-588)4127405-2</marc:subfield>
      <marc:subfield code="0">http://d-nb.info/gnd/4127405-2</marc:subfield>
      <marc:subfield code="0">(DE-101)041274059</marc:subfield>
      <marc:subfield code="a">New Age</marc:subfield>
      <marc:subfield code="2">gnd</marc:subfield>
   </marc:datafield>
   <marc:datafield ind1=" " ind2="7" tag="650">
      <marc:subfield code="0">(DE-588)4115590-7</marc:subfield>
      <marc:subfield code="0">http://d-nb.info/gnd/4115590-7</marc:subfield>
      <marc:subfield code="0">(DE-101)041155904</marc:subfield>
      <marc:subfield code="a">Politisches Denken</marc:subfield>
      <marc:subfield code="2">gnd</marc:subfield>
   </marc:datafield>
   <marc:datafield ind1=" " ind2="7" tag="651">
      <marc:subfield code="0">(DE-588)4070370-8</marc:subfield>
      <marc:subfield code="0">http://d-nb.info/gnd/4070370-8</marc:subfield>
      <marc:subfield code="0">(DE-101)040703703</marc:subfield>
      <marc:subfield code="a">Deutsches Sprachgebiet</marc:subfield>
      <marc:subfield code="2">gnd</marc:subfield>
   </marc:datafield>
   <marc:datafield ind1=" " ind2="7" tag="655">
      <marc:subfield code="0">(DE-588)4113937-9</marc:subfield>
      <marc:subfield code="0">http://d-nb.info/gnd/4113937-9</marc:subfield>
      <marc:subfield code="0">(DE-101)041139372</marc:subfield>
      <marc:subfield code="a">Hochschulschrift</marc:subfield>
      <marc:subfield code="2">gnd-content</marc:subfield>
   </marc:datafield>
   <marc:datafield ind1="0" ind2="0" tag="689">
      <marc:subfield code="0">(DE-588)118826468</marc:subfield>
      <marc:subfield code="0">http://d-nb.info/gnd/118826468</marc:subfield>
      <marc:subfield code="0">(DE-101)118826468</marc:subfield>
      <marc:subfield code="D">p</marc:subfield>
      <marc:subfield code="a">Capra, Fritjof</marc:subfield>
      <marc:subfield code="d">1939-</marc:subfield>
   </marc:datafield>
   <marc:datafield ind1="0" ind2="1" tag="689">
      <marc:subfield code="0">(DE-588)4049716-1</marc:subfield>
      <marc:subfield code="0">http://d-nb.info/gnd/4049716-1</marc:subfield>
      <marc:subfield code="0">(DE-101)04049716X</marc:subfield>
      <marc:subfield code="D">s</marc:subfield>
      <marc:subfield code="a">Rezeption</marc:subfield>
   </marc:datafield>
   <marc:datafield ind1="0" ind2="2" tag="689">
      <marc:subfield code="0">(DE-588)4070370-8</marc:subfield>
      <marc:subfield code="0">http://d-nb.info/gnd/4070370-8</marc:subfield>
      <marc:subfield code="0">(DE-101)040703703</marc:subfield>
      <marc:subfield code="D">g</marc:subfield>
      <marc:subfield code="a">Deutsches Sprachgebiet</marc:subfield>
   </marc:datafield>
   <marc:datafield ind1="0" ind2="3" tag="689">
      <marc:subfield code="0">(DE-588)4127405-2</marc:subfield>
      <marc:subfield code="0">http://d-nb.info/gnd/4127405-2</marc:subfield>
      <marc:subfield code="0">(DE-101)041274059</marc:subfield>
      <marc:subfield code="D">s</marc:subfield>
      <marc:subfield code="a">New Age</marc:subfield>
   </marc:datafield>
   <marc:datafield ind1="0" ind2=" " tag="689">
      <marc:subfield code="5">DE-101</marc:subfield>
      <marc:subfield code="5">DE-101</marc:subfield>
   </marc:datafield>
   <marc:datafield ind1="1" ind2="0" tag="689">
      <marc:subfield code="0">(DE-588)118826468</marc:subfield>
      <marc:subfield code="0">http://d-nb.info/gnd/118826468</marc:subfield>
      <marc:subfield code="0">(DE-101)118826468</marc:subfield>
      <marc:subfield code="D">p</marc:subfield>
      <marc:subfield code="a">Capra, Fritjof</marc:subfield>
      <marc:subfield code="d">1939-</marc:subfield>
   </marc:datafield>
   <marc:datafield ind1="1" ind2="1" tag="689">
      <marc:subfield code="0">(DE-588)4115590-7</marc:subfield>
      <marc:subfield code="0">http://d-nb.info/gnd/4115590-7</marc:subfield>
      <marc:subfield code="0">(DE-101)041155904</marc:subfield>
      <marc:subfield code="D">s</marc:subfield>
      <marc:subfield code="a">Politisches Denken</marc:subfield>
   </marc:datafield>
   <marc:datafield ind1="1" ind2="2" tag="689">
      <marc:subfield code="0">(DE-588)118535242</marc:subfield>
      <marc:subfield code="0">http://d-nb.info/gnd/118535242</marc:subfield>
      <marc:subfield code="0">(DE-101)118535242</marc:subfield>
      <marc:subfield code="D">p</marc:subfield>
      <marc:subfield code="a">Freire, Paulo</marc:subfield>
      <marc:subfield code="d">1921-1997</marc:subfield>
   </marc:datafield>
   <marc:datafield ind1="1" ind2=" " tag="689">
      <marc:subfield code="5">DE-101</marc:subfield>
      <marc:subfield code="5">DE-101</marc:subfield>
   </marc:datafield>
   <marc:datafield ind1=" " ind2=" " tag="850">
      <marc:subfield code="a">DE-101a</marc:subfield>
      <marc:subfield code="a">DE-101b</marc:subfield>
   </marc:datafield>
   <marc:datafield ind1="r" ind2=" " tag="925">
      <marc:subfield code="a">ra</marc:subfield>
   </marc:datafield>
</marc:record>
